Nevada cities with 100,000+ people - Statistics

General Stats
  • This quiz has been taken 16 times
  • The average score is 7 of 9
Answer Stats
Hint Answer % Correct
678,922 Las Vegas
100%
281,714 Reno
100%
350,039 Henderson
93%
294,034 North Las Vegas
93%
111,520 Sparks
87%
186,178 Paradise
67%
232,043 Enterprise
60%
199,099 Sunrise Manor
33%
219,913 Spring Valley
27%
No matching quizzes found
Score Distribution
Percent of People with Each Score
Percentile by Number Answered
Your Score History
You have not taken this quiz